000 00484nam a2200169 a 4500
001 7232
003 CO-ViMGA
008 141112s2004 ck r 000 u spa d
040 _aCO-ViMGA
_bspa
_cCO-ViMGA
082 0 4 _a418.02 W477
100 1 _aWitthaus, Rodolfo E
_96386
245 1 0 _aRegimen legal de la tradución y del traductor público
260 _aBuenos Aires :
_bAbeledo - Perrot,
_c1981
300 _a303 p
650 1 4 _aTRADUCCION - ASPECTOS LEGALES
_96387
942 _2ddc
_cBK
999 _c19191
_d19191